| 000 | 01272nam a2200349 c 4500 | ||
|---|---|---|---|
| 001 | 47003 | ||
| 003 | ES-MaCES | ||
| 005 | 20160121111145.0 | ||
| 008 | 160120s2015 sp t o000 | spa d | ||
| 017 |
_aSE 1362-2015 _bDL |
||
| 040 |
_aES-MaCES _bspa _cES-MaCES |
||
| 245 | 0 | 0 |
_aInforme sobre la situación socioeconómica de Andalucía 2014 _b: [resumen ejecutivo] _cConsejo Económico y Social de Andalucía |
| 250 | _a1ª ed | ||
| 260 |
_aSevilla _bCES _c[2015] |
||
| 300 |
_a55 p. _c24 cm |
||
| 500 | _aAprobado por el Pleno en sesión celebrada el día 22 de julio de 2015 | ||
| 500 | _aTít. tomado de la cub. | ||
| 500 | _aEl informe completo se puede consultar y descargar en la página web del CES de Andalucía | ||
| 541 | _cGratuito | ||
| 650 | 4 |
_acondiciones económicas _927081 |
|
| 650 | 4 |
_aindicador económico _927073 |
|
| 650 | 4 |
_acondiciones sociales _930469 |
|
| 650 | 4 |
_aindicador social _927259 |
|
| 650 | 4 |
_aAndalucia _930791 |
|
| 650 | 4 |
_a2014 _934918 |
|
| 650 | 4 |
_ainforme _928986 |
|
| 653 | 1 | 0 | _aCondiciones económicas |
| 710 | 2 |
_aConsejo Económico y Social de Andalucía _92430 |
|
| 787 | 0 |
_tInforme sobre la situación socioeconómica de Andalucía 2013 _w(ES-MaCES)45509 |
|
| 902 | _aLIB Libro | ||
| 942 |
_2CES _cBK _h0.0. |
||
| 999 |
_c47003 _d47003 |
||